01395 a2200253 45000010006000000050017000060080041000230030015000640400040000790800151001192450095002700200018003652640053003833000019004365050432004550410008008871000027008957000027009227000019009497000031009687000027009997000020010268560095010463788220260407155645.0260407a1996 arg spa dAR-UNSa-BCEJYS aAR-UNSa-BCEJYSbspacAR-UNSa-BCEJYS a347.77xPropiedad industrial, comercial y científica. Derecho sobre patentes y marcas. Registro de modelos, planos, marcas y nombres comerciales10aDerecho de patentespel nuevo régimen legal de las invenciones y los modelos de utilidad a950-9385-75-1 1aBuenos Aires :bEdiciones Ciudad Argentinac1996 a495 p.c20 cm. a1. Requisitos y excepciones a la patentabilidad. Invenciones biotecnologicas - 2. Como obtener una patente - 3. El nuevo régimen de patentes de invención: extensión y limites a los derechos - 4. Licencias obligatorias - 5. Modelos de utilidad - 6. Nulidad y caducidad de las patentes de invención y de los modelos de utilidad. Procedimiento administrativo - 7. Acciones civiles y penales - 8. Disposiciones transitorias aspa1 aBergel, Salvador Dario1 aCorrea, Carlos María1 aKors, Jorge A.1 aMoncayo von Hase, Martín1 aGenovesi, Luis Mariano1 aAlvarez, Alicia41uhttps://biblioeco.unsa.edu.ar/pmb/images/libros/L125673.jpgyImagen de portadaqimage/jpeg